{"text_format":"3","workbook":"xls","n_sheets":31,"sheets":["00000","SUMMARY ","1200 ","1300","1400","1500","1600","1700","2200","3100","3300","3400","4500","5100","5100 (SUB)","5100 SUB","5200","5200 (SUB)","5600","5600 (SUB)","5200 SUB","5400 SUB","5600 SUB","5900","7300","6200","6300","6400","6600","8100","PS 1 BRIDGE"],"not_rendered":{"charts":15,"external_links":4,"defined_names":47},"read":"whole","date_system":"1900","formulas":"cached_only"}

{"sheet":"00000","index":0,"n_rows":0,"n_cols":0,"rows_kept":0,"hidden":true,"flags":["formulas_cached_only"]}

{"sheet":"SUMMARY ","index":1,"n_rows":68,"n_cols":15,"rows_kept":68,"flags":["formulas_cached_only"]}
["CLIENT:",null,null,"WINNIE MADIKIZELA-MANDELA LOCAL MUNICIPALITY"]
[]
["CONTRACT NO.:"]
[]
["CONTRACT NAME:",null,null,"CONSTRUCTION OF THALENI ACCESS ROAD AND BRIDGES PHASE 1"]
[]
[null,"SUMMARY OF SCHEDULE OF QUANTITIES AND CALCULATION OF TENDER SUM"]
[]
[null,"SCHEDULE A: PRELIMINARY AND GENERAL"]
[]
[{"$nulls":6},"AMOUNT"]
[null,"SECTION 1200",null,"GENERAL REQUIREMENTS AND PROVISION",null,"R",{"$nulls":6},2700000]
[]
[null,"SECTION 1300",null,"CONTRACTORS ESTABLISHMENT ON SITE AND "]
[{"$nulls":3},"GENERAL OBLIGATIONS",null,"R"]
[]
[null,"SECTION 1400",null,"HOUSING, OFFICES AND LABORATORIES FOR THE"]
[null,1400,null,"HOUSING, OFFICES AND LABORATORIES FOR THE"]
[{"$nulls":3},"ENGINEER'S SITE PERSONNEL …………………………………………………………………………………………………....",null,"R"]
[]
[{"$nulls":3},"ENGINEER'S SITE PERSONNEL",null,"R"]
[]
[null,"SECTION 1500",null,"ACCOMMODATION OF TRAFFIC",null,"R"]
[]
[null,"SECTION 1600",null,"OVERHAUL",null,"R"]
[]
[null,"SECTION 1700",null,"CLEARING AND GRUBBING",null,"R"]
[]
[null,"SECTION 2200",null,"PREFABRICATED CULVERTS",null,"R"]
[]
[null,"SECTION 3100",null,"FINISHING OFF BORROW AREAS HAUL ROADS",null,"R"]
[]
[null,"SECTION 3300",null,"MASS EARTHWORKS",null,"R"]
[]
[null,"SECTION 3400",null,"PAVEMENT LAYERS OF GRAVEL MATERIAL",null,"R"]
[]
[null,"SECTION 5100",null,"PITCHING, STONEWORK AND PROTECTION AGAINST ",null,"R"]
[]
[null,"SECTION 5200",null,"GABIONS",null,"R"]
[]
[null,"SECTION 5400",null,"GUARDRAILS",null,"R"]
[]
[null,"SECTION 5600",null,"ROAD SIGNS",null,"R"]
[]
[null,"SECTION 5900",null,"FINISHING THE ROAD AND ROAD RESERVE",null,"R"]
[]
[null,"SECTION 6200",null,"FALSEWORK, FORMWORK AND",null,"R"]
[]
[null,"SECTION 6300",null,"STEEL REINFORCEMENT FOR STRUCTURES",null,"R"]
[]
[null,"SECTION 6400",null,"SCHEDULE C: STREAM CROSSING WORKS",null,"R"]
[]
[null,"SECTION 6600",null,"NO-FINES CONCRETE, JOINTS, BEARINGS,",null,"R"]
[]
[null,"SECTION 8100",null,"TESTING MATERIALS AND WORKMANSHIP",null,"R"]
[]
[null,"PS 1 ",null,"PREFABRICATED STEEL BRIDGE",null,"R"]
[]
[null,"Sub Total -A",{"$nulls":3},"R",{"v":0,"d":"0.00"}]
[]
[null,"Add 10% Contigencies",{"$nulls":3},"R",{"v":0,"d":"0.00"}]
[]
[null,"Sub Total -B",{"$nulls":3},"R",{"v":0,"d":"0.00"}]
[{"$nulls":13},{"$error":"#REF!"}]
[null,"Add 15% VAT",{"$nulls":3},"R",{"v":0,"d":"0.00"}]
[{"$nulls":13},0,0]
[null,"Total Tender Amount",{"$nulls":3},"R",{"v":0,"d":"0.00"}]
[{"$nulls":13},0]

{"sheet":"1200 ","index":2,"n_rows":96,"n_cols":6,"rows_kept":96,"flags":["formulas_cached_only"]}
["CLIENT:","WINNIE MADIKIZELA-MANDELA LOCAL MUNICIPALITY"]
[]
["CONTRACT NO.:"]
[]
["CONTRACT NAME:","CONSTRUCTION OF THALENI ACCESS ROAD AND BRIDGES PHASE 1"]
[]
["SCHEDULE OF QUANTITIES"]
[]
["NB: "]
[]
["SCHEDULE A: PRELIMINARY AND GENERAL",{"$nulls":4},"SECTION 1200"]
[]
["ITEM","DESCRIPTION","UNIT","BILL","RATE","TENDER"]
["NO",null,null,"QUANTITY",null,"AMOUNT"]
[]
[null,"GENERAL REQUIREMENTS AND PROVISION",{"$nulls":3},""]
[{"$nulls":5},""]
[12.01,"Remuneration of the Project Liason Officer"]
[]
[null,"(a) Project Liason Officer","Prov. Sum",{"v":1,"d":"1.00"},{"v":60000,"d":"60000.00"},{"v":60000,"d":"60,000.00"}]
[]
[null,"(b) Civil Engineering student for in-service","Prov. Sum",{"v":1,"d":"1.00"},{"v":60000,"d":"60000.00"},{"v":60000,"d":"60,000.00"}]
[]
[null,"(c ) Local Project Steering Committee","Prov. Sum",{"v":1,"d":"1.00"},{"v":18000,"d":"18000.00"},{"v":18000,"d":"18,000.00"}]
[]
[null,"(d) Contractor's handling costs in respect"]
[null,"     of sub item 12.01(a,b & c) above","    %",{"v":138000,"d":"138000.00"}]
[]
[12.02,"Occupational Health and Safety"]
[null,"including COVID 19 compliance"]
[null,"(a) Preparation of Contractor's site specific","Sum",{"v":1,"d":"1.00"}]
[null,"Health and Safety Plan"]
[]
[null,"(b) Principal Contractor's initial obligations","Sum",{"v":1,"d":"1.00"}]
[null,"in respect of the OHS Act and Construction"]
[null,"Regulations and COVID 19 regulations"]
[]
[null,"( c) Principal Contractor's time related","Month",{"v":6,"d":"6.00"}]
[null,"obligations in respect of the OHS Act and"]
[null,"Construction Regulations and COVID 19 regulations"]
[]
[null,"(d) Health and safety compliance officer","Month",{"v":6,"d":"6.00"}]
[]
[]
[12.03,"Additional survey as required by the Engineer","Prov. Sum ",{"v":1,"d":"1.00"},{"v":55000,"d":"55000.00"},{"v":55000,"d":"55,000.00"}]
[]
[null,"(i) Contractor's handling costs in respect","%",{"v":55000,"d":"55000.00"}]
[null,"     of sub item 12.03 "]
[]
[12.04,"Environmental Compliance"]
[]
[null,"(a) Environmental Management Plan","Sum"]
[]
[null,"(b) Environmental Compliance","Month"]
[]
[null,"© Environmental Liason Officer","Month"]
{"$rows_empty":27}
[1200,"TOTAL CARRIED TO SUMMARY"]
{"$rows_empty":11}
[{"$nulls":3},{"v":50000,"d":"50,000"}]

{"sheet":"1300","index":3,"n_rows":64,"n_cols":8,"rows_kept":64,"merged":[[25,2,25,3],[31,2,31,3],[32,2,32,3]],"flags":["formulas_cached_only"]}
["CLIENT:",null,null,"WINNIE MADIKIZELA-MANDELA LOCAL MUNICIPALITY"]
[]
["CONTRACT NO.:",null,null,"WMM LM …………………."]
[]
["CONTRACT NAME:",null,null,"CONSTRUCTION OF THALENI ACCESS ROAD AND BRIDGES PHASE 1"]
["SCHEDULE A: PRELIMINARY AND GENERAL",{"$nulls":6},"SECTION 1300"]
[]
[]
["ITEM","DESCRIPTION",null,null,"UNIT","BILL","RATE","TENDER"]
["NO",{"$nulls":4},"QUANTITY",null,"AMOUNT"]
[]
[{"$nulls":7},""]
[null,"CONTRACTOR'S ESTABLISHMENT ON SITE",{"$nulls":5},""]
[null,"AND GENERAL OBLIGATIONS",{"$nulls":5},""]
[{"$nulls":7},""]
[{"$nulls":7},""]
[{"$nulls":7},""]
["B13.01","The Contractor's general obligations:"]
[]
[null,"(a)","Fixed obligations",null,"lump",1]
[]
[null,"(b)","Value-related obligations",null,"lump",1]
[]
[null,"(c)","(i)  Contractor's Time-related obligations",null,"month",6]
[]
[null,"(d)","Allow 50000 for Engineers site telecom equipment",null,"P.Sum",1,{"v":50000,"d":"50,000.00"},{"v":50000,"d":"50,000.00"}]
[]
[null,"e)","Contractor's handling costs, profit and all ",null,"%",{"v":50000,"d":"50,000"}]
[null,null,"other charges in respect of subitem"]
[null,null,"B13.01(d) "]
{"$rows_empty":7}
[{"$nulls":7},""]
{"$rows_empty":22}
[{"$nulls":7},""]
[{"$nulls":7},""]
[]
[" 1300","TOTAL CARRIED TO SUMMARY",{"$nulls":5},{"v":50000,"d":"50,000.00"}]

{"sheet":"1400","index":4,"n_rows":65,"n_cols":8,"rows_kept":65,"flags":["formulas_cached_only"]}
["CLIENT:",null,null,"WINNIE MADIKIZELA-MANDELA LOCAL MUNICIPALITY"]
[]
["CONTRACT NO.:",null,null,"WMM LM …………………."]
[]
["CONTRACT NAME:",null,null,"CONSTRUCTION OF THALENI ACCESS ROAD AND BRIDGES PHASE 1"]
["SCHEDULE A: PRELIMINARY AND GENERAL",{"$nulls":6},"SECTION 1400"]
[]
[]
["ITEM","DESCRIPTION",null,null,"UNIT","BILLED","RATE","TENDER"]
["NO",{"$nulls":4},"QUANTITY",null,"AMOUNT"]
[]
[{"$nulls":7},""]
[null,"HOUSING, OFFICES AND LABORATORIES",{"$nulls":5},""]
[null,"FOR THE ENGINEER'S SITE PERSONNEL",{"$nulls":5},""]
[]
[{"$nulls":7},""]
[" B14.03","Office and laboratory fittings, installations and"]
[null,"equipment:"]
[]
[null,"(b)","Prime-cost items and items paid for in a"]
[null,null,"lump sum:"]
[]
[null,null,"(viii)","Notice boards as specified","No.",{"v":2,"d":"2.00"}]
[]
[]
[null,"Engineer's accommodations"]
[]
[null,"(a)","9m2 Engineer's office with power, ablutions, 6 seater",null,"No.",1]
[null,null,"table and chairs"]
[]
[null,"(b)","Dumpy level and staff",null,"No.",1]
{"$rows_empty":29}
["14.04","Car-ports                             "]
[{"$nulls":3},"(a) Car ports, as specified, at offices and laboratory buildings","number",null,{"v":1500,"d":"1,500.00"},{"v":0,"d":"0.00"}]
[{"$nulls":7},""]
[]
[" 1400","TOTAL CARRIED TO SUMMARY",{"$nulls":5},{"v":0,"d":"0.00"}]

{"sheet":"1500","index":5,"n_rows":65,"n_cols":8,"rows_kept":65,"flags":["formulas_cached_only"]}
["CLIENT:",null,null,"WINNIE MADIKIZELA-MANDELA LOCAL MUNICIPALITY"]
[]
["CONTRACT NO.:",null,null,"WMM LM …………………."]
[]
["CONTRACT NAME:",null,null,"CONSTRUCTION OF THALENI ACCESS ROAD AND BRIDGES PHASE 1"]
["SCHEDULE A: PRELIMINARY AND GENERAL",{"$nulls":6},"SECTION 1500"]
[]
[]
["ITEM","DESCRIPTION",null,null,"UNIT","BILL","RATE","TENDER"]
["NO",{"$nulls":4},"QUANTITY",null,"AMOUNT"]
[]
[{"$nulls":7},""]
[null,"ACCOMMODATION OF TRAFFIC",{"$nulls":5},""]
[]
[" B15.01","Accommodation of traffic and maintaining "]
[null,"deviations",null,null,"km",{"v":1,"d":"1.0"}]
[]
["B15.03","Temporary traffic-control facilities"]
[]
[null,"(a)","Flagperson (LI)",null,"man-day",360]
[]
[null,"(b)","Portable STOP and GO-RY signs",null,"no",4]
[]
[null,"(e)","Road signs, R-and TR-series, 1200mm in",null,"no",4]
[null,null,"diameter"]
[]
[null,"(f)","Road signs, TW-series, 1524mm sides",null,"no",4]
[]
[null,"(h)","Delinators TW401-and TW402 series,"]
[null,null,"1000mm x 250mm"]
[]
[null,null,"(i)","Single sided","no",10]
[]
[null,null,"(ii)","Double sided","no",10]
[]
[]
[null,"(j)","Traffic cones 450mm",null,"no",20]
[]
[15.05,"Gravelling and repair of temporary deviations "]
[null,"and existing gravel shoulders used as "]
[null,"temporary deviations:"]
[]
[null,"(a)","Temporary deviations",null,"m³",225]
[]
[15.05,"Watering of temporary deviations",null,null,"kl",560]
[]
[]
["B15.15","Provision of traffic safety equipment for the "]
[null,"Engineer:"]
[]
[]
[null,"(a)","Safety jackets",null,"No",2]
{"$rows_empty":12}
[" 1500","TOTAL CARRIED TO SUMMARY",{"$nulls":5},{"v":0,"d":"0.00"}]

{"sheet":"1600","index":6,"n_rows":69,"n_cols":8,"rows_kept":69,"flags":["formulas_cached_only"]}
["CLIENT:",null,null,"WINNIE MADIKIZELA-MANDELA LOCAL MUNICIPALITY"]
[]
["CONTRACT NO.:",null,null,"WMM LM …………………."]
[]
["CONTRACT NAME:",null,null,"CONSTRUCTION OF THALENI ACCESS ROAD AND BRIDGES PHASE 1"]
["SCHEDULE A: PRELIMINARY AND GENERAL",{"$nulls":6},"SECTION 1600"]
[]
[]
["ITEM","DESCRIPTION",null,null,"UNIT","BILL","RATE","TENDER"]
["NO",{"$nulls":4},"QUANTITY",null,"AMOUNT"]
[]
[{"$nulls":7},""]
[null,"OVERHAUL",{"$nulls":5},""]
[]
[16.02,"Overhaul on material hauled in excess of 1.0km"]
[null," (ordinary haul)",null,null,"m³-km",{"v":52800,"d":"52,800.0"}]
{"$rows_empty":52}
[1600,"TOTAL CARRIED TO SUMMARY",{"$nulls":5},{"v":0,"d":"0.00"}]

{"sheet":"1700","index":7,"n_rows":64,"n_cols":8,"rows_kept":64,"flags":["formulas_cached_only"]}
["CLIENT:",null,null,"WINNIE MADIKIZELA-MANDELA LOCAL MUNICIPALITY"]
[]
["CONTRACT NO.:",null,null,"WMM LM …………………."]
[]
["CONTRACT NAME:",null,null,"CONSTRUCTION OF THALENI ACCESS ROAD AND BRIDGES PHASE 1"]
["SCHEDULE B: ROAD WORKS",{"$nulls":6},"SECTION 1700"]
[]
[]
["ITEM","DESCRIPTION",null,null,"UNIT","BILL","RATE","TENDER"]
["NO",{"$nulls":4},"QUANTITY",null,"AMOUNT"]
[]
[]
[null,"CLEARING AND GRUBBING"]
[]
[17.01,"Clearing and grubbing",null,null,"ha",{"v":8,"d":"8.0"}]
[]
[null,"Dismantling and Reconstruction of existing"]
[null,"fences"]
[]
[null,"(i)","reconstruction of existing fences affected by ",null,"m",{"v":250,"d":"250.0"}]
[null,null,"construction"]
[]
[null,"Demolition of existing bridge",null,null,"Sum",{"v":1,"d":"1.0"}]
{"$rows_empty":40}
[" 1700","TOTAL CARRIED TO SUMMARY",{"$nulls":5},{"v":0,"d":"0.00"}]

{"sheet":"2200","index":8,"n_rows":79,"n_cols":12,"rows_kept":79,"flags":["formulas_cached_only"]}
["CLIENT:",null,null,"WINNIE MADIKIZELA-MANDELA LOCAL MUNICIPALITY"]
[]
["CONTRACT NO.:",null,null,"WMM LM …………………."]
[]
["CONTRACT NAME:",null,null,"CONSTRUCTION OF THALENI ACCESS ROAD AND BRIDGES PHASE 1"]
["SCHEDULE B: ROAD CONSTRUCTION",{"$nulls":6},"SECTION 2200"]
[]
[]
["ITEM","DESCRIPTION",null,null,"UNIT","QUANTITY","RATE","TENDER"]
["NO",{"$nulls":6},"AMOUNT"]
[]
[{"$nulls":7},""]
[null,"PREFABRICATED CULVERTS",{"$nulls":5},""]
[{"$nulls":7},""]
["22.01","Excavation:",{"$nulls":5},""]
[" ",{"$nulls":6},""]
[null,"(a)","Excavating soft material situated within the",{"$nulls":4},""]
[null,null,"following depth ranges below the surface "]
[null,null,"level:"]
[]
[null,null,"(i)","0 m up to 1,5 m(LI)","m³",{"v":60,"d":"60.00"}]
[]
[null,null,"(ii)","Exceeding 1,5 m and up to 3,0 m","m³",{"v":30,"d":"30.00"}]
[]
[null,null,"iii)","Exceeding 3m and up to 5m","m³",{"v":15,"d":"15.00"}]
[]
[null,"(b)","Extra over subitem 22.01(a) for excavation "]
[null,null,"in hard material, irrespective of depth",null,"m³",{"v":30,"d":"30.00"}]
[]
[]
[" 22.02","Backfilling:"]
[]
[null,"(a)","Using the excavated material (LI)",null,"m³",{"v":13.5,"d":"13.50"}]
[]
[null,"(b)","Using imported selected material (LI)",null,"m³",{"v":13.5,"d":"13.50"}]
[]
[null,"(c)","Extra over subitems 22.02(a) and (b) for soil"]
[null,null,"cement backfilling containing 2% cement*",null,"m³",{"v":13.5,"d":"13.50"}]
[]
[" 22.03","Precast Concrete culverts:"]
[]
[null,"(b)","On class B bedding:"]
[]
[null,null,"(i)","Type SC 100D-load pipes with "]
[{"$nulls":3},"ogee joints:"]
[]
[{"$nulls":3},"(i)     600mm dia","m",{"v":15,"d":"15.00"}]
[{"$nulls":9},20]
[{"$nulls":3},"(iii)     900mm dia","m",{"v":15,"d":"15.00"}]
[]
[]
[22.12,"Removal of existing concrete"]
[]
[null,"a)","Plain concrete",null,"m3",20]
[]
[null,"b)","Reinforced concrete",null,"m3",20]
[]
[22.17,"Inlet  and outlet headwall structures"]
[]
[null,"(a)","Construct culvert inlets complete as per drawings",null,"No",{"v":4,"d":"4.00"}]
[]
[]
[null,"b)","Construct culvert outlets complete as per drawings",null,"No",4]
{"$rows_empty":9}
[{"$nulls":9},0]
[]
[" 2200","TOTAL CARRIED TO SUMMARY",{"$nulls":5},{"$error":"#REF!"}]
[{"$nulls":9},{"v":2222012.39,"d":"2,222,012.39"}]
[{"$nulls":9},{"$error":"#REF!"},null,766374.89]
[{"$nulls":11},{"$error":"#REF!"}]
[{"$nulls":9},{"$error":"#REF!"}]

{"sheet":"3100","index":9,"n_rows":60,"n_cols":8,"rows_kept":60,"merged":[[38,1,38,3]],"flags":["formulas_cached_only"]}
["CLIENT:",null,null,"WINNIE MADIKIZELA-MANDELA LOCAL MUNICIPALITY"]
[]
["CONTRACT NO.:",null,null,"WMM LM …………………."]
[]
["CONTRACT NAME:",null,null,"CONSTRUCTION OF THALENI ACCESS ROAD AND BRIDGES PHASE 1"]
["SCHEDULE B: ROAD WORKS",{"$nulls":6},"SECTION 3100"]
[]
[]
["ITEM","DESCRIPTION",null,null,"UNIT","BILL","RATE","TENDER"]
["NO",{"$nulls":4},"QUANTITY",null,"AMOUNT"]
[]
[]
[null,"FINISHING OFF BORROW AREAS HAUL ROADS"]
[]
[]
[31.03]
[" ","Finishing off borrow arears in:"]
[]
[null,"(a)","Hard Material",null,"ha",10]
[]
[null,"(b)     Intermediate Material",null,null,"ha",10]
[]
[null,"(c)","Soft Material",null,"ha",10]
{"$rows_empty":36}
[3100,"TOTAL CARRIED TO SUMMARY",{"$nulls":5},{"v":0,"d":"0.00"}]

{"sheet":"3300","index":10,"n_rows":68,"n_cols":8,"rows_kept":68,"merged":[[25,1,25,3]],"flags":["formulas_cached_only"]}
["CLIENT:",null,null,"WINNIE MADIKIZELA-MANDELA LOCAL MUNICIPALITY"]
[]
["CONTRACT NO.:",null,null,"WMM LM …………………."]
[]
["CONTRACT NAME:",null,null,"CONSTRUCTION OF THALENI ACCESS ROAD AND BRIDGES PHASE 1"]
["SCHEDULE B: ROAD WORKS",{"$nulls":6},"SECTION 3300"]
[]
[]
["ITEM","DESCRIPTION",null,null,"UNIT","BILL","RATE","TENDER"]
["NO",{"$nulls":4},"QUANTITY",null,"AMOUNT"]
[]
[]
[null,"MASS EARTHWORKS"]
[]
[null,"BORROW MATERIALS"]
[]
[33.01,"Cut and borrow to fill "]
[" ","including all haul"]
[]
[null,"(a)","Material in compacted layer thicknesses"]
[null,null,"of 200 mm and less:"]
[]
[null,null,"(i)","Insitu Compacted to 90% of modified"]
[{"$nulls":3},"AASHTO density","m³",{"v":3000,"d":"3000.00"}]
[]
[33.03,"Extra over items 33.01 and for excavation and"]
[null,"breaking down material in:"]
[]
[null,null,"(a)","Intermediate excavation","m³",{"v":750,"d":"750.00"}]
[]
[null,null,"(b)","Hard Excavation","m³",375]
[]
[null,null,"(c)","Boulder excavatiom - class A","m³",375]
[]
[33.04,"Cut to spoil, including free-haul up to 0.5 km."]
[null,"Material obtained from:"]
[]
[null,"(a)","Soft Excavation",null,"m³",750]
[]
[null,"(b)","Intermediate excavation",null,"m³",750]
[]
[null,"(c) ","Hard Excavation",null,"m³",375]
[]
[" 33.10","Roadbed preparation and the compaction of "]
[null,"material:"]
[]
[null,"(a)","Compaction to 90% of modified "]
[null,null,"AASHTO density",null,"m²",5300]
{"$rows_empty":19}
[" 3300","TOTAL CARRIED TO SUMMARY",{"$nulls":5},{"v":0,"d":"0.00"}]

{"sheet":"3400","index":11,"n_rows":83,"n_cols":8,"rows_kept":83,"merged":[[36,1,36,3]],"flags":["formulas_cached_only"]}
["CLIENT:",null,null,"WINNIE MADIKIZELA-MANDELA LOCAL MUNICIPALITY"]
[]
["CONTRACT NO.:",null,null,"WMM LM …………………."]
[]
["CONTRACT NAME:",null,null,"CONSTRUCTION OF THALENI ACCESS ROAD AND BRIDGES PHASE 1"]
["SCHEDULE B: ROAD WORKS",{"$nulls":6},"SECTION 3400"]
[]
[]
["ITEM","DESCRIPTION",null,null,"UNIT","BILLED","RATE","TENDER"]
["NO",{"$nulls":4},"QTY",null,"AMOUNT"]
[]
[{"$nulls":7},""]
[null,"PAVEMENT LAYERS OF GRAVEL MATERIAL",{"$nulls":5},""]
[{"$nulls":7},""]
[" "]
["34.01","Pavement layers constructed from gravel "]
[null,"obtained from approved borrowpit or commercially"]
[null," as described, including unlimited free-haul:"]
[]
[null,null,"Selected layer"]
[null,"(a)","Selected layer G6 compacted to 93% MAASHTO",null,"m³",2250]
[null,null,"in layers of 150mm"]
[]
[]
[null,"(f)","Cement stabilised G7 base compacted to",null,"m³",1500]
[null,null,"93% MAASHTO in layers of 150mm"]
[null,null,"incl. 4% cement volume for stabilisation"]
[]
[]
[null,"(h)","Gravel Wearing Course (G5) layer compacted to:"]
[null,null,"(from commercial source)"]
[]
[]
[null,null,"(ii)","95% of modified AASHTO density for a"]
[{"$nulls":3},"compacted layer thickness of 150mm.","m³",750]
[]
[34.02,"Extra over items 34.01 and for excavation and"]
[null,"breaking down material in:"]
[]
[null,null,"(a)","Intermediate excavation","m³",200]
[]
[]
[null,null,"Concrete surfacing"]
[]
[null,null,"(a)","25MPa 200mm deep, 5m wide concrete surface","m³",160]
[{"$nulls":3},"with construction joints at 2.5m centres"]
[{"$nulls":3},"inclusive"]
[]
[null,null,"(b)","Mesh Ref 617","m2",{"v":800,"d":"800.00"}]
{"$rows_empty":28}
[{"$nulls":7},""]
[]
[]
[]
[]
[3400,"TOTAL CARRIED TO SUMMARY"]

{"sheet":"4500","index":12,"n_rows":56,"n_cols":8,"rows_kept":56,"hidden":true,"merged":[[1,0,3,0],[1,1,3,3],[1,4,3,4],[1,5,3,5],[1,6,3,6],[1,7,3,7],[8,1,8,3],[25,1,25,3]],"flags":["formulas_cached_only"]}
[]
["Item","Description",null,null,"Unit","Quantity","Rate","Amount"]
[]
[]
[]
[4500,"DOUBLE SEALS"]
[]
[]
[45.01,"Double seal (Grade 1 aggregate, 80/100 penetration grade):"]
[null,"bitumen binder"]
[null,"(a)","Using 13.2mm and 6.7mm aggregate ",null,"m²",6000,60,{"v":360000,"d":"360,000.00"}]
[]
[45.02,"Bitumen binder variations"]
[]
[null,"(i)","80/100 penetration grade",null,"litre",200,2.3,459.99999999999994]
[]
[45.03,"Aggregate variations (Grade 1) "]
[]
[null,"(a)","13.2mm aggregate",null,"m3",180,162,29160]
[]
[null,"(c )","6.7mm aggregate",null,"m3",100,162,16200]
[]
[45.04,"Application of fog spray consisting of:"]
[null,"(b)","30% spray-grade emulsion",null,"l",5600,8,{"v":44800,"d":"44,800.00"}]
[]
[45.05,"Precoating the aggregate at a rate of 12 litre/m3 (Sacresote ",null,null,"m3"]
[null,"70 or similar)"]
[]
[45.06,"Addition of wetting agent:"]
[]
[null,"(a) ","Providing and supplying",null,"L. Sum",1,null,"RATE"]
[]
[null,"(b)","Handling, applying, profit and all other costs",null,"%"]
{"$rows_empty":21}
[{"$nulls":3},""]
[4500,"TOTAL CARRIED TO SUMMARY",{"$nulls":5},{"v":0,"d":"0.00"}]

{"sheet":"5100","index":13,"n_rows":84,"n_cols":9,"rows_kept":84,"hidden":true,"flags":["formulas_cached_only"]}
["SCHEDULE B: ROAD WORKS",{"$nulls":4},"SECTION 5100"]
[]
["ITEM  ","DESCRIPTION","UNIT","QTY","RATE","AMOUNT"]
[]
["5100 LI","PITCHING, STONEWORK AND PROTECTION AGAINST "]
[null,"EROSION"]
[]
[51.01,"Stone Pitching"]
[]
[null,"(b)  Grouted Stone Pitching","p.sum",1,250000,{"v":250000,"d":"250,000.00"},{"v":232000,"d":"232,000.00"}]
[]
[null,"Allow for handling cost","%",{"v":250000,"d":"250,000.00"},{"v":0.1,"d":"10%"},{"v":25000,"d":"25,000.00"}]
[]
[]
[]
[{"$nulls":6},{"v":605270,"d":"605,270.00"}]
{"$rows_empty":51}
[5100,"TOTAL CARRIED TO SUMMARY",{"$nulls":3},{"v":275000,"d":"275,000.00"}]
{"$rows_empty":15}
[null,"The tenderer shall add 15% of the subtotal for VAT………………………………………………………………………………………………………………………………………...…",{"$nulls":6},0]

{"sheet":"5100 (SUB)","index":14,"n_rows":83,"n_cols":9,"rows_kept":83,"hidden":true,"flags":["formulas_cached_only"]}
["SCHEDULE B: ROAD WORKS",{"$nulls":4},"SECTION 5100"]
[]
["ITEM  ","DESCRIPTION","UNIT","QTY","RATE","AMOUNT"]
[]
["5100 LI","PITCHING, STONEWORK AND PROTECTION AGAINST "]
[null,"EROSION"]
[]
[51.01,"Stone Pitching"]
[]
[null,"(a) Allow a provisional sum of R 235 000 for the construction","Prov. Sum",1,235000,{"v":235000,"d":"235,000.00"}]
[null,"    of grouted stone pitching to be done by a Local Grade -1 "]
[null,"    Sub-Contractor nominated by the client."]
[]
[null,"(b) Allow for Handling Fee ","%",235000,{"v":0.1,"d":"10%"},23500]
{"$rows_empty":52}
[5100,"TOTAL CARRIED TO SUMMARY",{"$nulls":3},{"v":258500,"d":"258,500.00"}]
{"$rows_empty":15}
[null,"The tenderer shall add 15% of the subtotal for VAT………………………………………………………………………………………………………………………………………...…",{"$nulls":6},0]

{"sheet":"5100 SUB","index":15,"n_rows":95,"n_cols":8,"rows_kept":95,"flags":["formulas_cached_only"]}
["CLIENT:",null,null,"WINNIE MADIKIZELA-MANDELA LOCAL MUNICIPALITY"]
[]
["CONTRACT NO.:",null,null,"WMM LM …………………."]
[]
["CONTRACT NAME:",null,null,"CONSTRUCTION OF THALENI ACCESS ROAD AND BRIDGES PHASE 1"]
["SCHEDULE B: ROAD WORKS",{"$nulls":6},"SECTION 5100"]
[]
["ITEM  ",null,null,"DESCRIPTION","UNIT","QTY","RATE","AMOUNT"]
["NO"]
[]
["5100 LI",null,null,"PITCHING, STONEWORK AND PROTECTION AGAINST "]
[{"$nulls":3},"EROSION"]
[]
[51.01,null,null,"Stone Pitching"]
[]
[{"$nulls":3},"(b) Grouted stone pitching","m²",{"v":600,"d":"600.00"}]
[{"$nulls":3},"identified by the engineer"]
{"$rows_empty":61}
[5100,null,null,"TOTAL CARRIED TO SUMMARY",{"$nulls":3},{"v":0,"d":"0.00"}]
{"$rows_empty":15}
[{"$nulls":3},"The tenderer shall add 15% of the subtotal for VAT………………………………………………………………………………………………………………………………………...…"]

{"sheet":"5200","index":16,"n_rows":54,"n_cols":8,"rows_kept":54,"hidden":true,"flags":["formulas_cached_only"]}
["SCHEDULE B: ROAD WORKS",{"$nulls":4},"SECTION 5200"]
[]
["ITEM  ","DESCRIPTION","UNIT","QTY","RATE","AMOUNT"]
[]
["5200 LI","GABIONS"]
[]
[null,"Foundation trench excavation and backfilling"]
[]
[null,"a)In solid Rock","m3",100,100,10000]
[]
[null,"In all other classes of material","m3",400,95,38000]
[]
["52.02","Surface preparation for bedding the gabions","m2",250,105,26250]
[]
["52.03","Gabions"]
[]
[null,"a)Galvanised gabion boxes 1 x 1 x 1m","m3",150,650,97500]
[]
[null,"b) Galvanised gabion mattreses","m3",150,350,52500]
[]
[null,"Filter Fabric","m2",2000,38,76000]
[]
[]
[]
[]
[]
[]
[{"$nulls":7},72]
{"$rows_empty":25}
[5100,"TOTAL CARRIED TO SUMMARY",{"$nulls":3},{"v":300250,"d":"300,250.00"}]

{"sheet":"5200 (SUB)","index":17,"n_rows":60,"n_cols":6,"rows_kept":60,"hidden":true,"flags":["formulas_cached_only"]}
["SCHEDULE B: ROAD WORKS",{"$nulls":4},"SECTION 5100"]
[]
["ITEM  ","DESCRIPTION","UNIT","QTY","RATE","AMOUNT"]
[]
["5200 LI","GABIONS"]
[]
["52.02","(a) Allow a provisional sum of R479050 for the construction","Prov. Sum",1,479050,{"v":479050,"d":"479,050.00"}]
[null,"    of gabions to be done by a Local Grade -1 "]
[null,"    Sub-Contractor nominated by the client."]
[]
[null,"(b) Allow for Handling Fee ","%",479050,{"v":0.1,"d":"10%"},47905]
{"$rows_empty":48}
[5100,"TOTAL CARRIED TO SUMMARY",{"$nulls":3},{"v":526955,"d":"526,955.00"}]

{"sheet":"5600","index":18,"n_rows":71,"n_cols":8,"rows_kept":71,"hidden":true,"flags":["formulas_cached_only"]}
["SCHEDULE B: ROAD WORKS",{"$nulls":6},"SECTION 5600"]
[]
[]
["ITEM","DESCRIPTION",null,null,"UNIT","QUANTITY","RATE","AMOUNT"]
["NO"]
[]
[{"$nulls":7},""]
[5600,"ROAD SIGNS",{"$nulls":5},""]
[{"$nulls":7},""]
[56.01,"Road sign boards faces with painted or ",{"$nulls":5},""]
[null,"coloured background. Symbols, lettering and ",{"$nulls":5},""]
[null,"borders in engineering-grade retroreflective",{"$nulls":5},""]
[null,"material, where the sign board is constructed "]
[null,"from:"]
[]
[null,"(c)","Sheet steel (Chromadek, 1,6 mm thick): ",{"$nulls":4},""]
[{"$nulls":7},""]
[null,null,"(1)","Area not exceeding 2 m²","m²",{"v":15,"d":"15.00"},{"v":750,"d":"750.00"},{"v":11250,"d":"11,250.00"}]
[]
[null,null,"(2)","Area exceeding 2 m² but not exceeding  "]
[{"$nulls":3},"10 m²","m²",{"v":5,"d":"5.00"},{"v":1250,"d":"1250.00"},{"v":6250,"d":"6,250.00"}]
[]
[]
[56.02,"Extra over item 56.01 for using:"]
[]
[null,"(a)","Background retro-reflective material of:"]
[]
[null,null,"(1)","Engineering grade","m²",{"v":5,"d":"5.00"},{"v":1500,"d":"1500.00"},{"v":7500,"d":"7,500.00"}]
[]
[56.03,"Road sign supports (overhead road sign "]
[null,"structures excluded) "]
[]
[null,"(a)","75 mm diameter steel tubing with wall "]
[null,null,"thickness of 2 mm ",null,"ton",{"v":1,"d":"1.0"},{"v":25000,"d":"25,000.00"},{"v":25000,"d":"25,000.00"}]
[]
["56.05LI","Excavation and backfilling for road sign ",{"$nulls":5},""]
[null,"supports (not applicable to kilometre posts)",null,null,"m³",{"v":30,"d":"30.00"},{"v":150,"d":"150.00"},{"v":4500,"d":"4,500.00"}]
[]
[]
["56.06LI","Extra over item 56.05L for cement-treated soil"]
[null,"backfill",null,null,"m³",{"v":4,"d":"4.00"},{"v":130,"d":"130.00"},{"v":520,"d":"520.00"}]
[]
[]
[{"$nulls":7},""]
[{"$nulls":7},""]
{"$rows_empty":19}
[{"$nulls":7},""]
[{"$nulls":7},""]
[{"$nulls":7},""]
[]
[{"$nulls":7},""]
[]
[5600,"TOTAL CARRIED TO SUMMARY",{"$nulls":5},{"v":55020,"d":"55,020.00"}]

{"sheet":"5600 (SUB)","index":19,"n_rows":65,"n_cols":6,"rows_kept":65,"hidden":true,"flags":["formulas_cached_only"]}
["SCHEDULE B: ROAD WORKS",{"$nulls":4},"SECTION 5600"]
[]
[]
["ITEM",null,"UNIT","QUANTITY","RATE","AMOUNT"]
["NO"]
[]
[{"$nulls":5},""]
[5600,"ROAD SIGNS",{"$nulls":3},""]
[{"$nulls":5},""]
[56.01,"(a) Allow a provisional sum of R 58 864,00 for the installation of Road Signs","Prov. Sum",1,58864,{"v":58864,"d":"58,864.00"}]
[null," of to be done by a Local Grade -1 "]
[null," Sub-Contractor nominated by the client."]
[]
[null,"(b) Allow for Handling Fee ","%",58864,{"v":0.1,"d":"10%"},5886.400000000001]
{"$rows_empty":44}
[{"$nulls":5},""]
[{"$nulls":5},""]
[{"$nulls":5},""]
[]
[{"$nulls":5},""]
[]
[5600,{"$nulls":4},{"v":64750.4,"d":"64,750.40"}]

{"sheet":"5200 SUB","index":20,"n_rows":75,"n_cols":11,"rows_kept":75,"flags":["formulas_cached_only"]}
["CLIENT:",null,null,"WINNIE MADIKIZELA-MANDELA LOCAL MUNICIPALITY"]
[]
["CONTRACT NO.:",null,null,"WMM LM …………………."]
[]
["CONTRACT NAME:",null,null,"CONSTRUCTION OF THALENI ACCESS ROAD AND BRIDGES PHASE 1"]
["SCHEDULE B: ROAD WORKS",{"$nulls":6},"SECTION 5200"]
[]
["ITEM",null,null,"DESCRIPTION","UNIT","QTY","RATE","AMOUNT"]
["NO"]
[]
["5200 LI",null,null,"GABIONS"]
[]
[{"$nulls":3},"Foundation trench excavation and"]
[{"$nulls":3},"backfilling"]
[]
[{"$nulls":3},"(b) In all other classes of materials","m3",{"v":300,"d":"300.00"}]
[]
[{"$nulls":3},"Surface preparation for bedding the"]
[{"$nulls":3},"gabions","m2",{"v":300,"d":"300.00"}]
[]
[{"$nulls":3},"Gabions"]
[]
[{"$nulls":3},"Supply and install galvanised gabion boxes "]
[{"$nulls":3},"including aggregate from commercial sources"]
[{"$nulls":3},"a) 0.5m x 1m x 1m","m³",{"v":300,"d":"300.00"}]
[{"$nulls":3},"b) 1m x 1m x 1m","m³",{"v":1200,"d":"1200.00"}]
[{"$nulls":3},"c) Reno mattresses (300mm deep)","m2",{"v":120,"d":"120.00"}]
[]
[{"$nulls":3},"Filter Fabric type U34","m2",{"v":600,"d":"600.00"}]
{"$rows_empty":44}
[5200,null,null,"TOTAL CARRIED TO SUMMARY",{"$nulls":3},0]
[{"$nulls":10},{"$error":"#REF!"}]

{"sheet":"5400 SUB","index":21,"n_rows":61,"n_cols":8,"rows_kept":61,"flags":["formulas_cached_only"]}
["CLIENT:",null,null,"WINNIE MADIKIZELA-MANDELA LOCAL MUNICIPALITY"]
[]
["CONTRACT NO.:",null,null,"WMM LM …………………."]
[]
["CONTRACT NAME:",null,null,"CONSTRUCTION OF THALENI ACCESS ROAD AND BRIDGES PHASE 1"]
["SCHEDULE B: ROAD WORKS",{"$nulls":6},"SECTION 5400"]
[]
[]
["ITEM",null,"DESCRIPTION",null,"UNIT","QUANTITY","RATE","AMOUNT"]
["NO"]
[]
[{"$nulls":7},""]
[5400,null,"GUARDRAILS",{"$nulls":4},""]
[{"$nulls":7},""]
[54.01,null,"Guardrails on timber posts"]
[null,null,"inclusing excavation and backfill"]
[]
[null,null,"(a)","Galvanised","m",100]
[]
[54.03,null,null,"Extra over 54.01 for horizontally curved guardrails factory bent to a radius of less tha 45m","m",10]
[]
[54.04,null,"End treatments"]
[]
[null,null,"(a)","End wings","No.",{"v":2,"d":"2.00"}]
[]
[null,null,"(b)","Bull noses","No.",{"v":2,"d":"2.00"}]
[]
[54.06,null,"Reflective plates",null,"No.",{"v":20,"d":"20.00"}]
{"$rows_empty":26}
[{"$nulls":7},""]
[{"$nulls":7},""]
[{"$nulls":7},""]
[]
[{"$nulls":7},""]
[]
[5400,null,"TOTAL CARRIED TO SUMMARY",{"$nulls":4},{"v":0,"d":"0.00"}]

{"sheet":"5600 SUB","index":22,"n_rows":65,"n_cols":10,"rows_kept":65,"flags":["formulas_cached_only"]}
["CLIENT:",null,null,"WINNIE MADIKIZELA-MANDELA LOCAL MUNICIPALITY"]
[]
["CONTRACT NO.:",null,null,"WMM LM …………………."]
[]
["CONTRACT NAME:",null,null,"CONSTRUCTION OF THALENI ACCESS ROAD AND BRIDGES PHASE 1"]
["SCHEDULE B: ROAD WORKS",{"$nulls":6},"SECTION 5600"]
[]
[]
["ITEM",null,"DESCRIPTION",null,"UNIT","QUANTITY","RATE","AMOUNT"]
["NO"]
[]
[{"$nulls":7},""]
[5600,null,"ROAD SIGNS",{"$nulls":4},""]
[{"$nulls":7},""]
[56.01,null,"Road Sign boards with painted or coloured"]
[null,null,"semi matt background, symbols,lettering"]
[null,null,"and boaders in semi-matt or in class1"]
[null,null,"retro reflective material, where the sign"]
[null,null,"board is contructed from."]
[]
[null,null,"© Prepainted galvanised steel plate"]
[null,null,"(Chromadek or approved equivalent)"]
[]
[null,null,"(i) Area not exceeding 2m2",null,"m2",{"v":20,"d":"20.00"},{"$nulls":3},26.8]
[]
[56.03,null,"Road sign supports (overhead road sign"]
[null,null,"structures excluded)"]
[]
[null,null,"(b) 150mm diameter treated timber post"]
[null,null,"for mounting signs",null,"m",{"v":30,"d":"30.00"}]
[]
[56.05,null,"Excavation and backfilling for road sign"]
[null,null,"supports",null,"m3",{"v":18,"d":"18.00"}]
[]
[null,null,"Concrete foundatiom  for signs"]
[null,null,"15MPa mass concrete",null,"m3",{"v":18,"d":"18.00"}]
{"$rows_empty":28}
[5600,null,"TOTAL CARRIED TO SUMMARY"]

{"sheet":"5900","index":23,"n_rows":70,"n_cols":8,"rows_kept":70,"flags":["formulas_cached_only"]}
["CLIENT:",null,null,"WINNIE MADIKIZELA-MANDELA LOCAL MUNICIPALITY"]
[]
["CONTRACT NO.:",null,null,"WMM LM …………………."]
[]
["CONTRACT NAME:",null,null,"CONSTRUCTION OF THALENI ACCESS ROAD AND BRIDGES PHASE 1"]
["SCHEDULE B: ROAD WORKS",{"$nulls":6},"SECTION 5900"]
[]
[]
["ITEM","DESCRIPTION",null,null,"UNIT","QUANTITY","RATE","AMOUNT"]
["NO"]
[]
[{"$nulls":7},""]
[null,"FINISHING THE ROAD AND ROAD RESERVE"]
[null,"AND TREATING OLD ROADS"]
[]
[]
[]
["59.01","Finishing the road and road reserve:"]
[]
[null,"(b)","Single-carriageway road",null,"m",1000]
{"$rows_empty":49}
[5900,"TOTAL CARRIED TO SUMMARY"]

{"sheet":"7300","index":24,"n_rows":35,"n_cols":8,"rows_kept":35,"hidden":true,"merged":[[11,1,11,3]],"flags":["formulas_cached_only"]}
["SCHEDULE A : ROAD CONSTRUCTION",{"$nulls":6},"SECTION 7300"]
[]
[]
["ITEM","DESCRIPTION",null,null,"UNIT","QUANTITY","RATE","AMOUNT"]
["NO"]
[]
[{"$nulls":7},""]
[null,"CONCRETE BLOCK PAVING FOR ROADS",{"$nulls":5},""]
[{"$nulls":7},""]
["73.01LI","Concrete block paving:",{"$nulls":5},""]
[{"$nulls":7},""]
[null,"(a) 60mm interlocking concrete paving blocks, on 25mm sand bedding",null,null,"m²",{"v":9300,"d":"9,300"},{"v":170,"d":"170.00"},{"v":1581000,"d":"1,581,000.00"}]
[{"$nulls":7},""]
[{"$nulls":7},""]
["73.03L","Provision of approved herbicide and",{"$nulls":5},""]
[null," ant poison:",{"$nulls":5},""]
[{"$nulls":7},""]
[null,"(a) Provision of materials",null,null,"P.C.Sum",{"v":1,"d":"1.00"},{"v":30000,"d":"30000.00"},{"v":30000,"d":"30,000.00"}]
[{"$nulls":7},""]
[null,"(b) Contractor's charges and profit added",{"$nulls":5},""]
[null," to the Prime Cost Sum",null,null,"%",{"v":30000,"d":"30000.00"},{"v":0.1,"d":"10%"},{"v":3000,"d":"3,000.00"}]
{"$rows_empty":7}
[{"$nulls":7},""]
[]
[]
[{"$nulls":7},""]
[{"$nulls":7},""]
[]
[7300,"TOTAL CARRIED TO SUMMARY                 ",{"$nulls":5},{"v":0,"d":"0.00"}]

{"sheet":"6200","index":25,"n_rows":64,"n_cols":8,"rows_kept":64,"flags":["formulas_cached_only"]}
["CLIENT:",null,null,"WINNIE MADIKIZELA-MANDELA LOCAL MUNICIPALITY"]
[]
["CONTRACT NO.:",null,null,"WMM LM …………………."]
[]
["CONTRACT NAME:",null,null,"CONSTRUCTION OF THALENI ACCESS ROAD AND BRIDGES PHASE 1"]
["SCHEDULE C: STREAM CROSSING WORKS",{"$nulls":6},"SECTION 6200"]
[]
[]
["ITEM","DESCRIPTION",null,null,"UNIT","QUANTITY","RATE","AMOUNT"]
["NO"]
[]
[{"$nulls":7},""]
["6200 LI","FALSEWORK, FORMWORK AND",{"$nulls":5},""]
[null," CONCRETE FINISH",{"$nulls":5},""]
[{"$nulls":7},""]
[{"$nulls":7},""]
[{"$nulls":7},""]
[62.02,"Vertical formwork "]
[]
[null,"(a) ","Class F1 surface finish to:"]
[]
[null,null,"(i)","Foundations","m²",{"v":1000,"d":"1,000"}]
[]
[]
[null,"(b)","Class F2 surface finish to:"]
[]
[null,null,"(i)","Abutments, walls and wingwalls","m²",{"v":7200,"d":"7,200"}]
[]
[]
[null,"Unformed Surfaces (Class U2)"]
[]
[null,"(a)","Top of wingwalls",null,"m²",7]
[]
[null,"(b)","Top of wingwall bases",null,"m²",600]
{"$rows_empty":29}
[6200,"TOTAL CARRIED TO SUMMARY"]

{"sheet":"6300","index":26,"n_rows":67,"n_cols":8,"rows_kept":67,"merged":[[30,1,30,3]],"flags":["formulas_cached_only"]}
["CLIENT:",null,null,"WINNIE MADIKIZELA-MANDELA LOCAL MUNICIPALITY"]
[]
["CONTRACT NO.:",null,null,"WMM LM …………………."]
[]
["CONTRACT NAME:",null,null,"CONSTRUCTION OF THALENI ACCESS ROAD AND BRIDGES PHASE 1"]
["SCHEDULE C: STREAM CROSSING WORKS",{"$nulls":6},"SECTION 6300"]
[]
[]
["ITEM","DESCRIPTION",null,null,"UNIT","QUANTITY","RATE","AMOUNT"]
["NO"]
[]
[]
[6300,"STEEL REINFORCEMENT FOR STRUCTURES"]
[]
[]
[63.01,"High tensile reinforcing steel"]
[]
[null,"(a) ","Nominal 25mm diameter steel incl. extra over for "]
[null,null,"other diameters"]
[]
[null,null,"(i)","Foundations","t",{"v":30,"d":"30.00"}]
[]
[null,null,"(ii)","Piers","t",{"v":10,"d":"10.00"}]
[]
[null,null,"(iii)","Abutments","t",{"v":50,"d":"50.00"}]
[]
[null,null,"(iv)","Wingwalls","t",{"v":10,"d":"10.00"}]
{"$rows_empty":39}
[6300,"TOTAL CARRIED TO SUMMARY"]

{"sheet":"6400","index":27,"n_rows":60,"n_cols":8,"rows_kept":60,"flags":["formulas_cached_only"]}
["CLIENT:",null,null,"WINNIE MADIKIZELA-MANDELA LOCAL MUNICIPALITY"]
[]
["CONTRACT NO.:",null,null,"WMM LM …………………."]
[]
["CONTRACT NAME:",null,null,"CONSTRUCTION OF THALENI ACCESS ROAD AND BRIDGES PHASE 1"]
["SCHEDULE C: STREAM CROSSING WORKS",{"$nulls":6},"SECTION 6400"]
[]
[]
["ITEM","DESCRIPTION",null,null,"UNIT","QUANTITY","RATE","AMOUNT"]
["NO"]
[]
[{"$nulls":7},""]
["6400 LI","CONCRETE FOR STRUCTURES",{"$nulls":5},""]
[{"$nulls":7},""]
[{"$nulls":7},""]
[64.01,"Structural concrete",{"$nulls":5},""]
[]
[null,"(a) ","Class 30/19:"]
[]
[]
[null,null,"(i)","Foundations","m³",195]
[]
[null,null,"(ii)","Piers","m³",43]
[]
[null,null,"(iii)","Abutments","m³",336]
[]
[null,null,"(iv)","Wingwalls","m³",49]
{"$rows_empty":32}
[6400,"TOTAL CARRIED TO SUMMARY",{"$nulls":5},{"v":0,"d":"0.00"}]

{"sheet":"6600","index":28,"n_rows":69,"n_cols":8,"rows_kept":69,"flags":["formulas_cached_only"]}
["CLIENT:",null,null,"WINNIE MADIKIZELA-MANDELA LOCAL MUNICIPALITY"]
[]
["CONTRACT NO.:",null,null,"WMM LM …………………."]
[]
["CONTRACT NAME:",null,null,"CONSTRUCTION OF THALENI ACCESS ROAD AND BRIDGES PHASE 1"]
["SCHEDULE C: BRIDGE WORKS",{"$nulls":6},"SECTION 6600"]
[]
[]
["ITEM","DESCRIPTION",null,null,"UNIT","QUANTITY","RATE","AMOUNT"]
["NO"]
[]
[{"$nulls":7},""]
[6600,"NO-FINES CONCRETE, JOINTS, BEARINGS,",{"$nulls":5},""]
[null,"BOLT GROUPS FOR ELECTRIFICATION,",{"$nulls":5},""]
[null," PARAPETS AND DRAINAGE FOR STRUCTURES",{"$nulls":5},""]
[]
[]
[66.05,"Expansion Joints"]
[]
[null,"(a)","Expansion joints",null,"m",{"v":250,"d":"250.00"}]
[]
[66.06,"Filled joints:"]
[]
[null,"(b) ","12 mm bitumen-impregnanted fibre board"]
[null,null,"between bridge deck and the abutment walls",null,"m",{"v":250,"d":"250.00"}]
[]
[66.08,"Sealing joints with:"]
[]
[null,"(b)","Silicone sealant as approved by engineer",null,"m",{"v":250,"d":"250.00"}]
{"$rows_empty":39}
[6600,"TOTAL CARRIED TO SUMMARY",{"$nulls":5},{"v":0,"d":"0.00"}]

{"sheet":"8100","index":29,"n_rows":70,"n_cols":8,"rows_kept":70,"flags":["formulas_cached_only"]}
["CLIENT:",null,null,"WINNIE MADIKIZELA-MANDELA LOCAL MUNICIPALITY"]
[]
["CONTRACT NO.:",null,null,"WMM LM …………………."]
[]
["CONTRACT NAME:",null,null,"CONSTRUCTION OF THALENI ACCESS ROAD AND BRIDGES PHASE 1"]
["SCHEDULE B: ROAD WORKS",{"$nulls":6},"SECTION 8100"]
[]
[]
["ITEM","DESCRIPTION",null,null,"UNIT","QUANTITY","RATE","AMOUNT"]
["NO"]
[]
[{"$nulls":7},""]
[null,"TESTING MATERIALS AND WORKMANSHIP",{"$nulls":5},""]
[{"$nulls":7},""]
[]
[{"$nulls":7},""]
["B81.04","Additional tests required by the Engineer"]
[{"$nulls":7},""]
[null,"(a)","Prime Cost Sum for additional tests"]
[null,null,"required by Engineer",null,"Prov Sum",{"v":1,"d":"1.00"},{"v":100000,"d":"100000.00"},{"v":100000,"d":"100,000.00"}]
[]
[null,"(b)","Contractor's handling costs, profit and all"]
[null,null,"other charges in respect of subitems "]
[null,null,"B81.02(a)",null,"%",{"v":100000,"d":"100,000.00"}]
{"$rows_empty":11}
[{"$nulls":7},""]
[{"$nulls":7},""]
[{"$nulls":7},""]
[{"$nulls":7},""]
[]
[]
[]
[]
[{"$nulls":7},""]
[{"$nulls":7},""]
[]
[]
[{"$nulls":7},""]
[{"$nulls":7},""]
[{"$nulls":7},""]
[{"$nulls":7},""]
[{"$nulls":7},""]
[{"$nulls":7},""]
[{"$nulls":7},""]
[{"$nulls":7},""]
{"$rows_empty":7}
[{"$nulls":7},""]
[{"$nulls":7},""]
[{"$nulls":7},""]
[{"$nulls":7},""]
[]
[]
[]
[8100,"TOTAL CARRIED TO SUMMARY"]

{"sheet":"PS 1 BRIDGE","index":30,"n_rows":54,"n_cols":8,"rows_kept":54,"merged":[[17,1,17,3]],"flags":["formulas_cached_only"]}
["CLIENT:",null,null,"WINNIE MADIKIZELA-MANDELA LOCAL MUNICIPALITY"]
[]
["CONTRACT NO.:",null,null,"WMM LM …………………."]
[]
["CONTRACT NAME:",null,null,"CONSTRUCTION OF THALENI ACCESS ROAD AND BRIDGES PHASE 1"]
["SCHEDULE C: STREAM CROSSING WORKS",{"$nulls":6},"SECTION 6300"]
[]
[]
["ITEM","DESCRIPTION",null,null,"UNIT","QUANTITY","RATE","AMOUNT"]
["NO"]
[]
[]
["PS 1","PREFABRICATED STEEL BRIDGE"]
[]
[]
[null,"Prefabricated steel bridge"]
[]
["PS 1.1","Supply and install 30m long , single cariage way Mabey type or similar prefabricated steel bridge , incl. transportation, import, supervision, jacking , establishment, deestablishment, commissioning",null,null,"P Sum",{"v":1,"d":"1.00"},{"v":8500000,"d":"8500000.00"},{"v":8500000,"d":"8,500,000.00"}]
[]
["PS 1.2","Extra over for profit and attendance",null,null,"%",{"v":8500000,"d":"8500000.00"}]
[]
["PS 1.3","Additional concrete works to suit assembly",null,null,"P Sum",{"v":1,"d":"1.00"},{"v":50000,"d":"50,000.00"},{"v":50000,"d":"50,000.00"}]
[]
["PS 1.4","Extra over for profit and attendance",null,null,"%",{"v":50000,"d":"50000.00"}]
{"$rows_empty":29}
["ps 1","TOTAL CARRIED TO SUMMARY"]